000 00982cam a2200301 4500
001 772396
003 GBCCL
005 20241126110401.0
008 730305s1973 miuc b 010 0beng
010 _a 72091125
020 _a0802834248
040 _aDLC
_cDLC
_dDLC
050 0 0 _aBV652.25
_b.G63
082 0 0 _a254.5
_bGOD
245 0 0 _aGod, man and church growth.
_cEdited by A. R. Tippett.
260 _aGrand Rapids,
_bEerdmans
_c[1973]
300 _axii, 447 p.
_bport.
_c22 cm.
350 _a$7.95
500 _a"A festschrift in honor of Donald Anderson McGavran."
504 _aIncludes bibliographies.
600 1 0 _aMcGavran, Donald A.
_q(Donald Anderson),
_d1897-1990.
_92848
650 0 _aChurch growth.
_9291
650 0 _aMissions.
_9885
700 1 _aMcGavran, Donald A.
_q(Donald Anderson),
_d1897-1990.
_92848
700 1 _aTippett, Alan R.
_q(Alan Richard),
_d1911-1988,
_eed.
_92849
906 _a7
_bcbc
_corignew
_d2
_eopcn
_f19
_gy-gencatlg
942 _2ddc
_cBK
_07
999 _c1432
_d1432